Skoki Narciarskie - Medaliści MŚ w Lotach z Finlandii - Statystyki

Ogólne statystyki
  • Ten quiz został rozwiązany 33 razy
  • Średni wynik to 4 z 7
Statystyki odpowiedzi
Z S B Skoczek % Poprawnych
- 4x 1x Janne Ahonen
100%
- 3x 2x Matti Hautamaki
83%
- 1x 1x Harri Olli
72%
- 2x 1x Janne Happonen
72%
- 2x 1x Tami Kiuru
52%
- 1x - Veli-Matti Lindstrom
41%
- - 1x Olli Muotka
28%
Nie znaleziono quizów pasujących do podanych kryteriów
Rozkład punktacji
Procent ludzi z każdym wynikiem
Percentyl według liczby udzielonych odpowiedzi
Twoja historia wyników
Nie rozwiązałeś tego quizu